[Event "XI Open Amateur de Calvia"]
[Site "Calvia - Mallorca"]
[Date "2014.10.10"]
[Round "7"]
[Board "29"]
[White "Sanchez Camino, Jose"]
[Black "Febrero Perez, Lluis"]
[Result "1-0"]
[WhiteElo "1825"]
[BlackElo "1634"]
[PlyCount "39"]
[EventDate "2014.10.04"]
[EventRounds "9"]
[EventCountry "ESP"]

1. e4 e5 2. Nf3 Nc6 3. Bb5 Nge7 4. O-O g6 5. c3 Bg7 6. d4 O-O 7. Bg5 f6 8. Be3
d6 9. h3 Bd7 10. Qd2 f5 11. exf5 Nxf5 12. Bg5 Bf6 13. Re1 Qe8 14. Na3 Kg7 15.
Rad1 Qf7 16. Bc4 Qe7 17. Bxf6+ Rxf6 18. dxe5 Nxe5 19. Nxe5 Be6 20. Ng4 1-0

[Event "XI Open Amateur de Calvia"]
[Site "Calvia - Mallorca"]
[Date "2014.10.10"]
[Round "7"]
[Board "33"]
[White "Al Hosani, Omran"]
[Black "Al-Zaabi, Sultan"]
[Result "1/2-1/2"]
[WhiteElo "1711"]
[BlackElo "1690"]
[PlyCount "66"]
[EventDate "2014.10.04"]
[EventRounds "9"]
[EventCountry "ESP"]

1. Nf3 c5 2. c4 Nc6 3. d4 cxd4 4. Nxd4 g6 5. Nxc6 dxc6 6. Qxd8+ Kxd8 7. Bd2 Bg7
8. Bc3 Bxc3+ 9. Nxc3 Nf6 10. e4 Kc7 11. Be2 b6 12. O-O Bb7 13. e5 Nd7 14. f4
Rad8 15. Rad1 f6 16. Bg4 fxe5 17. Bxd7 Rxd7 18. fxe5 Rxd1 19. Rxd1 Rf8 20. b3
Rf5 21. Re1 Bc8 22. Re3 Kd7 23. Ne2 h5 24. Nd4 Rf8 25. Rd3 Kc7 26. Re3 Rd8 27.
Rd3 Bf5 28. Rd2 a6 29. Kf2 c5 30. Nf3 Rxd2+ 31. Nxd2 Kd7 32. Ke3 Bc2 33. Kf4
Ke6 1/2-1/2

[Event "XI Open Amateur de Calvia"]
[Site "Calvia - Mallorca"]
[Date "2014.10.10"]
[Round "7"]
[Board "34"]
[White "Mackay, Ian W"]
[Black "Hudson, Jeremy"]
[Result "1/2-1/2"]
[WhiteElo "1695"]
[BlackElo "1639"]
[PlyCount "77"]
[EventDate "2014.10.04"]
[EventRounds "9"]
[EventCountry "ESP"]

1. c4 c5 2. g3 Nc6 3. Bg2 Nf6 4. Nc3 e6 5. Nf3 d6 6. O-O a6 7. d4 cxd4 8. Nxd4
Bd7 9. e4 Be7 10. b3 O-O 11. Bb2 Rc8 12. h3 Qb6 13. Nde2 Ne5 14. Rb1 Bc6 15.
Kh2 h5 16. Nf4 g6 17. Nfe2 h4 18. g4 Nexg4+ 19. hxg4 Nxg4+ 20. Kg1 e5 21. Nd5
Bxd5 22. cxd5 f5 23. Nc3 Rf7 24. Bh3 Ne3 25. fxe3 Qxe3+ 26. Rf2 Qxh3 27. Qf3
Qxf3 28. Rxf3 f4 29. Kf2 g5 30. Rg1 Kh7 31. Rd3 Kh6 32. Rg4 Kh5 33. Kf3 Rh7 34.
Rd1 Bd8 35. Rc1 Kg6 36. Ne2 Rxc1 37. Bxc1 Rh6 38. Ba3 Kh5 39. Ng1 1/2-1/2

[Event "XI Open Amateur de Calvia"]
[Site "Calvia - Mallorca"]
[Date "2014.10.10"]
[Round "7"]
[Board "35"]
[White "Moreno Mateos, Jose Luis"]
[Black "Driessen Llado, Pedro"]
[Result "0-1"]
[WhiteElo "1921"]
[BlackElo "1632"]
[PlyCount "56"]
[EventDate "2014.10.04"]
[EventRounds "9"]
[EventCountry "ESP"]

1. d4 Nf6 2. c4 e6 3. Nc3 Bb4 4. Bg5 d5 5. e3 O-O 6. Bd3 h6 7. Bh4 c5 8. a3
Bxc3+ 9. bxc3 Nbd7 10. Nf3 Qa5 11. Qd2 dxc4 12. Bxc4 Ne4 13. Qd3 Qxc3+ 14. Qxc3
Nxc3 15. dxc5 Ne4 16. Bb5 g5 17. Bg3 Ndxc5 18. Rc1 Rd8 19. Nd4 Bd7 20. Be2 Rac8
21. Rc4 h5 22. f3 Nxg3 23. hxg3 e5 24. Nc2 Bb5 25. Rb4 Nd3+ 26. Bxd3 Bxd3 27.
Rxb7 Rxc2 28. Rxa7 Rb8 0-1

[Event "XI Open Amateur de Calvia"]
[Site "Calvia - Mallorca"]
[Date "2014.10.10"]
[Round "7"]
[Board "36"]
[White "Garrido Lluy, Javier"]
[Black "Cassidy, Sydney"]
[Result "1-0"]
[WhiteElo "1874"]
[BlackElo "1600"]
[PlyCount "35"]
[EventDate "2014.10.04"]
[EventRounds "9"]
[EventCountry "ESP"]

1. e4 c5 2. Nf3 Nc6 3. d4 cxd4 4. Nxd4 Nf6 5. Nxc6 bxc6 6. Nc3 d6 7. Be2 g6 8.
O-O Bg7 9. Be3 O-O 10. f4 Qc7 11. Bf3 Bd7 12. e5 dxe5 13. fxe5 Qxe5 14. Bd4 Qc7
15. Re1 Be6 16. Qe2 Nd5 17. Bxg7 Nxc3 18. Bxc3 1-0

[Event "XI Open Amateur de Calvia"]
[Site "Calvia - Mallorca"]
[Date "2014.10.10"]
[Round "7"]
[Board "39"]
[White "Rossello Sanchez, Bartolome"]
[Black "Vicens Company, Maria Antonia"]
[Result "0-1"]
[WhiteElo "1436"]
[BlackElo "1711"]
[PlyCount "42"]
[EventDate "2014.10.04"]
[EventRounds "9"]
[EventCountry "ESP"]

1. d4 f5 2. c4 g6 3. Nc3 Nh6 4. Bg5 Nf7 5. Bc1 d6 6. e3 Bg7 7. Be2 Nd7 8. Bd2
c6 9. Qc2 O-O 10. h4 e5 11. d5 cxd5 12. Nxd5 b5 13. f4 bxc4 14. Bxc4 Bb7 15.
Rc1 Rc8 16. Qb1 Rxc4 17. Rxc4 Bxd5 18. Ra4 Bxg2 19. Rh2 Bc6 20. Rxa7 exf4 21.
exf4 Qb6 0-1

[Event "XI Open Amateur de Calvia"]
[Site "Calvia - Mallorca"]
[Date "2014.10.10"]
[Round "7"]
[Board "40"]
[White "Torres Mari, Juan"]
[Black "Flores Munoz, Daniel"]
[Result "1/2-1/2"]
[WhiteElo "1730"]
[BlackElo "1679"]
[PlyCount "108"]
[EventDate "2014.10.04"]
[EventRounds "9"]
[EventCountry "ESP"]

1. d4 d5 2. c4 e6 3. Nc3 c6 4. Nf3 Bd6 5. Bg5 Nf6 6. e3 Nbd7 7. Bd3 h6 8. Bh4
O-O 9. O-O Qc7 10. Rc1 Qd8 11. cxd5 exd5 12. Bb1 Qe8 13. Re1 Ne4 14. Nd2 f5 15.
f3 Nxc3 16. bxc3 Qh5 17. Bg3 Bxg3 18. hxg3 Qg5 19. Kf2 Nf6 20. f4 Ng4+ 21. Ke2
Qe7 22. Kf3 Bd7 23. c4 dxc4 24. Nxc4 Be6 25. e4 fxe4+ 26. Bxe4 Kh8 27. Qd2 Qd7
28. Qc3 Nh2+ 29. Kf2 Rad8 30. Ne5 Ng4+ 31. Nxg4 Bxg4 32. Rb1 Rf7 33. Rb4 Be6
34. Qe3 Bd5 35. Bg6 Rff8 36. Bb1 Rde8 37. Qd3 Bg8 38. Re5 Rxe5 39. dxe5 Qxd3
40. Bxd3 Rd8 41. Ke3 b6 42. a3 Bd5 43. Rb2 Kg8 44. Rd2 Kf7 45. Be4 Ke6 46. g4
b5 47. Bxd5+ Rxd5 48. Rd4 c5 49. Rd3 Rxd3+ 50. Kxd3 Kd5 51. g3 a5 52. Kc3 g6
53. Kb3 c4+ 54. Kc3 a4 1/2-1/2

[Event "XI Open Amateur de Calvia"]
[Site "Calvia - Mallorca"]
[Date "2014.10.10"]
[Round "7"]
[Board "41"]
[White "Hardwick, A William"]
[Black "Porcel Jimenez, Ramon"]
[Result "1/2-1/2"]
[WhiteElo "1451"]
[BlackElo "1414"]
[PlyCount "106"]
[EventDate "2014.10.04"]
[EventRounds "9"]
[EventCountry "ESP"]

1. e4 e6 2. d4 d5 3. Nc3 Bb4 4. e5 c5 5. Qg4 Ne7 6. Nge2 Nbc6 7. a3 Bxc3+ 8.
bxc3 Nf5 9. dxc5 Nxe5 10. Qf4 Ng6 11. Qd2 O-O 12. Nd4 Nxd4 13. cxd4 Re8 14. Be2
Bd7 15. O-O e5 16. dxe5 Nxe5 17. Qxd5 Bc6 18. Qxd8 Raxd8 19. Be3 Ng6 20. a4 Nh4
21. Bb5 Rc8 22. Ra3 Nxg2 23. Bxc6 Nxe3 24. Bxe8 Nxf1 25. Bd7 Rc7 26. Rd3 Rxc5
27. Bh3 g6 28. Bxf1 Rxc2 29. Rd7 Rb2 30. Bc4 Kg7 31. Rxf7+ Kh6 32. Bd5 b5 33.
axb5 Rxb5 34. Rd7 a5 35. Bg8 Rb1+ 36. Kg2 a4 37. Rxh7+ Kg5 38. f4+ Kxf4 39.
Rh4+ Kg5 40. Rxa4 Rb2+ 41. Kg3 Rc2 42. Bd5 Rc3+ 43. Bf3 Rc1 44. h4+ Kh6 45. Kg4
Rg1+ 46. Kf4 g5+ 47. hxg5+ Rxg5 48. Ra8 Rc5 49. Be4 Kg7 50. Ra6 Kf8 51. Bf5 Ke7
52. Kg5 Kd8 53. Kf6 Kc7 1/2-1/2

[Event "XI Open Amateur de Calvia"]
[Site "Calvia - Mallorca"]
[Date "2014.10.11"]
[Round "8"]
[Board "1"]
[White "Spence, David J"]
[Black "Longa Yauca, Javier"]
[Result "0-1"]
[WhiteElo "2222"]
[BlackElo "2277"]
[PlyCount "139"]
[EventDate "2014.10.04"]
[EventRounds "9"]
[EventCountry "ESP"]

1. e4 Nc6 2. Nf3 e5 3. Bc4 Nf6 4. d3 Be7 5. c3 d6 6. Bb3 O-O 7. Nbd2 Kh8 8. Nf1
Be6 9. Ng3 d5 10. O-O h6 11. Re1 dxe4 12. dxe4 Qxd1 13. Bxd1 Nd7 14. Ba4 Bd6
15. Nh4 Rfd8 16. Nhf5 Bf8 17. Bc2 Nc5 18. Ne3 a5 19. Kf1 a4 20. Rd1 Rxd1+ 21.
Bxd1 Rd8 22. Be2 Na5 23. Ke1 c6 24. f3 b5 25. Ngf1 g6 26. g4 Be7 27. Nc2 Nd3+
28. Bxd3 Rxd3 29. Nfe3 c5 30. Ke2 Rd7 31. Nd5 Bxd5 32. exd5 Rxd5 33. Bxh6 Rd8
34. Be3 Nc4 35. b3 Nxe3 36. Nxe3 Ra8 37. Nc2 Kg7 38. Na3 b4 39. Nc2 bxc3 40.
Kd3 axb3 41. axb3 Rh8 42. Kxc3 Rxh2 43. Re1 Rf2 44. Ne3 Rxf3 45. Kc4 Rf4+ 46.
Kd5 Rd4+ 47. Kc6 f6 48. Nd5 Bf8 49. Ra1 Kh6 50. Ra8 Bg7 51. Kxc5 Rxg4 52. b4
Rg2 53. b5 Rc2+ 54. Kd6 Rb2 55. b6 e4 56. Re8 f5 57. Kc7 Bd4 58. b7 Bf2 59. Kc8
Bg3 60. Nc7 Kg5 61. b8=Q Rxb8+ 62. Kxb8 Kg4 63. Kb7 Bxc7 64. Kxc7 Kf3 65. Rg8
e3 66. Rxg6 e2 67. Re6 f4 68. Kd6 Kf2 69. Kd5 f3 70. Ke5 0-1

[Event "XI Open Amateur de Calvia"]
[Site "Calvia - Mallorca"]
[Date "2014.10.11"]
[Round "8"]
[Board "2"]
[White "Sorm, Daniel"]
[Black "Lalic, Peter D"]
[Result "1-0"]
[WhiteElo "2315"]
[BlackElo "2161"]
[PlyCount "137"]
[EventDate "2014.10.04"]
[EventRounds "9"]
[EventCountry "ESP"]

1. e4 c6 2. d4 d5 3. exd5 cxd5 4. Bd3 Nc6 5. c3 Qc7 6. h3 Nf6 7. Nf3 g6 8. O-O
Bf5 9. Bxf5 gxf5 10. Re1 e6 11. Ne5 Bd6 12. Nxc6 Qxc6 13. Nd2 Rg8 14. Nf3 Ne4
15. Ne5 Bxe5 16. dxe5 O-O-O 17. Qd4 Rg6 18. f3 Rdg8 19. Re2 Ng3 20. Rc2 Qc4 21.
Qxc4+ dxc4 22. Be3 Rd8 23. Rd2 Rxd2 24. Bxd2 Rg8 25. Kf2 Nh5 26. g4 Ng7 27. Be3
a6 28. Bb6 Ne8 29. Rd1 Nc7 30. Rd4 Nd5 31. Rxc4+ Kd7 32. Be3 b5 33. Rd4 fxg4
34. Rxg4 Rxg4 35. hxg4 Kc6 36. f4 Ne7 37. Ke2 a5 38. Kd3 Nd5 39. Bd2 a4 40. c4
Nb6 41. b3 axb3 42. cxb5+ Kxb5 43. axb3 Nd7 44. Ke3 Nc5 45. b4 Nb3 46. Be1 Kc4
47. Ke4 Nd4 48. f5 Nc2 49. Bd2 Nxb4 50. fxe6 fxe6 51. Bxb4 Kxb4 52. Kf4 h6 53.
Kg3 Kc5 54. Kh4 Kd5 55. Kh5 Kxe5 56. Kxh6 Kf4 57. g5 e5 58. g6 e4 59. g7 e3 60.
g8=Q Kf3 61. Qd5+ Kf2 62. Qf5+ Ke1 63. Kg5 e2 64. Kg4 Kd2 65. Qd5+ Kc1 66. Qe4
Kd2 67. Qd4+ Kc2 68. Qe3 Kd1 69. Qd3+ 1-0

[Event "XI Open Amateur de Calvia"]
[Site "Calvia - Mallorca"]
[Date "2014.10.11"]
[Round "8"]
[Board "3"]
[White "Schuermans, Robert"]
[Black "Gavrish, Leonid"]
[Result "0-1"]
[WhiteElo "2085"]
[BlackElo "2217"]
[PlyCount "58"]
[EventDate "2014.10.04"]
[EventRounds "9"]
[EventCountry "ESP"]

1. e4 d6 2. d4 Nf6 3. Nc3 g6 4. f4 Bg7 5. Nf3 O-O 6. Be3 b6 7. e5 Ng4 8. Bg1
Bb7 9. h3 Nh6 10. Bc4 e6 11. Qe2 Nf5 12. Bf2 c5 13. O-O-O Nd7 14. dxc5 bxc5 15.
g4 Nd4 16. Bxd4 cxd4 17. Rxd4 dxe5 18. fxe5 Bxf3 19. Qxf3 Qg5+ 20. Kb1 Nxe5 21.
Qf2 Nxc4 22. Rxc4 Rab8 23. Qxa7 Rxb2+ 24. Kxb2 Qb5+ 25. Kc1 Bh6+ 26. Kd1 Qxc4
27. Qa5 Qd4+ 28. Ke2 Qd2+ 29. Kf3 Rc8 0-1

[Event "XI Open Amateur de Calvia"]
[Site "Calvia - Mallorca"]
[Date "2014.10.11"]
[Round "8"]
[Board "4"]
[White "Sokalsky, Alexander"]
[Black "Gromovs, Sergejs"]
[Result "1/2-1/2"]
[WhiteElo "2238"]
[BlackElo "2243"]
[PlyCount "30"]
[EventDate "2014.10.04"]
[EventRounds "9"]
[EventCountry "ESP"]

1. b3 Nf6 2. Bb2 e6 3. c4 d5 4. e3 c5 5. Nf3 Nc6 6. Be2 Be7 7. O-O O-O 8. cxd5
Nxd5 9. Nc3 b6 10. Nxd5 exd5 11. d4 Bf6 12. Qb1 Bg4 13. dxc5 bxc5 14. h3 Be6
15. Bxf6 Qxf6 1/2-1/2

[Event "XI Open Amateur de Calvia"]
[Site "Calvia - Mallorca"]
[Date "2014.10.11"]
[Round "8"]
[Board "5"]
[White "Hoyer, Jacob"]
[Black "Stark, Ingo"]
[Result "1-0"]
[WhiteElo "2193"]
[BlackElo "2128"]
[PlyCount "77"]
[EventDate "2014.10.04"]
[EventRounds "9"]
[EventCountry "ESP"]

1. d4 Nf6 2. c4 e6 3. Nc3 c5 4. d5 exd5 5. cxd5 Bd6 6. e4 Qe7 7. Bg5 h6 8. Bxf6
Qxf6 9. Nf3 Bc7 10. Bd3 d6 11. Nd2 a6 12. O-O O-O 13. Qe2 Nd7 14. f4 Re8 15. a4
Qe7 16. Nc4 Rb8 17. a5 Nf6 18. Rae1 Qd8 19. e5 dxe5 20. fxe5 Nxd5 21. Qe4 Be6
22. Qh7+ Kf8 23. Ne4 Nf4 24. Rxf4 Qxd3 25. Ncd6 Qd4+ 26. Kh1 Qxe5 27. Nxe8 Rxe8
28. Ref1 Bc4 29. R1f2 Bd5 30. Ng3 Qg5 31. Qh8+ Ke7 32. Re2+ Be5 33. Nf5+ Kd7
34. Qxe8+ Kxe8 35. Rxe5+ Kd7 36. Rxd5+ Kc6 37. Rd6+ Kc7 38. g3 g6 39. h4 1-0

[Event "XI Open Amateur de Calvia"]
[Site "Calvia - Mallorca"]
[Date "2014.10.11"]
[Round "8"]
[Board "6"]
[White "Khouri, Ibrahim Mohamed"]
[Black "Obers, Frits"]
[Result "1/2-1/2"]
[WhiteElo "2191"]
[BlackElo "2081"]
[PlyCount "37"]
[EventDate "2014.10.04"]
[EventRounds "9"]
[EventCountry "ESP"]

1. e4 c5 2. Nf3 g6 3. d4 cxd4 4. Nxd4 Bg7 5. Nc3 Nc6 6. Be3 Nf6 7. Bc4 Qa5 8.
O-O O-O 9. Bb3 d6 10. h3 Bd7 11. Re1 Rfe8 12. Nf3 Rac8 13. Qe2 Nd8 14. Rad1 Be6
15. Nd4 Bxb3 16. axb3 a6 17. f4 Nc6 18. g4 Qc7 19. Rd2 1/2-1/2

[Event "XI Open Amateur de Calvia"]
[Site "Calvia - Mallorca"]
[Date "2014.10.11"]
[Round "8"]
[Board "7"]
[White "Tscharotschkin, Michael"]
[Black "Bebchuk, Leonid"]
[Result "1/2-1/2"]
[WhiteElo "2144"]
[BlackElo "2063"]
[PlyCount "57"]
[EventDate "2014.10.04"]
[EventRounds "9"]
[EventCountry "ESP"]

1. d4 d5 2. c4 e6 3. Nc3 Be7 4. Nf3 Nf6 5. Bg5 h6 6. Bxf6 Bxf6 7. e3 O-O 8. Rc1
c6 9. Bd3 Nd7 10. O-O dxc4 11. Bxc4 e5 12. Ne4 exd4 13. Nxf6+ Qxf6 14. Qxd4
Qxd4 15. Nxd4 Ne5 16. Be2 Bd7 17. b4 Rfc8 18. f4 Ng4 19. Bxg4 Bxg4 20. f5 f6
21. Rc5 Bh5 22. Rfc1 Re8 23. Kf2 Bf7 24. b5 Bxa2 25. bxc6 bxc6 26. Nxc6 Bf7 27.
Rb1 Kf8 {Indescifrable. Tablas en la jugada 66} 28. Rd5 a6 29. Rb7 1/2-1/2

[Event "XI Open Amateur de Calvia"]
[Site "Calvia - Mallorca"]
[Date "2014.10.11"]
[Round "8"]
[Board "8"]
[White "Svensson, Mikael"]
[Black "Lorenz, Joerg"]
[Result "0-1"]
[WhiteElo "2021"]
[BlackElo "2157"]
[PlyCount "60"]
[EventDate "2014.10.04"]
[EventRounds "9"]
[EventCountry "ESP"]

1. e4 e6 2. d3 d5 3. Nd2 Nf6 4. Ngf3 b6 5. c3 c5 6. Be2 Nc6 7. O-O Bd6 8. Re1
O-O 9. Qc2 Bb7 10. Nf1 h6 11. Ng3 Rc8 12. exd5 Nxd5 13. Bf1 Qc7 14. Ne4 Ne5 15.
Nxe5 Bxe5 16. g3 g5 17. Qe2 Bg7 18. Bg2 Rce8 19. Nd2 f5 20. h4 gxh4 21. Qf3 Ba8
22. Nc4 e5 23. Qh5 hxg3 24. Bxh6 Nf6 25. Qg6 gxf2+ 26. Kxf2 Ng4+ 27. Kg3 Nxh6
28. Bxa8 e4+ 29. Kg2 Rxa8 30. Qe6+ Qf7 0-1

[Event "XI Open Amateur de Calvia"]
[Site "Calvia - Mallorca"]
[Date "2014.10.11"]
[Round "8"]
[Board "10"]
[White "Ponce Cano, Adrian"]
[Black "Melich, Jindrich"]
[Result "1-0"]
[WhiteElo "1996"]
[BlackElo "2084"]
[PlyCount "59"]
[EventDate "2014.10.04"]
[EventRounds "9"]
[EventCountry "ESP"]

1. e4 d6 2. d4 Nf6 3. Nc3 g6 4. f3 c6 5. Be3 Nbd7 6. Qd2 b5 7. g4 Nb6 8. a3 a6
9. h4 h5 10. g5 Nfd7 11. f4 d5 12. f5 Bg7 13. Bd3 Nc4 14. Bxc4 bxc4 15. Nge2
dxe4 16. fxg6 fxg6 17. Nxe4 Nb6 18. Rf1 Nd5 19. N4c3 Bf5 20. Ng3 e6 21. Nxf5
exf5 22. O-O-O O-O 23. Bg1 Nxc3 24. Qxc3 Qd5 25. Bh2 Rfe8 26. Rfe1 c5 27. Qa5
Rxe1 28. Qxe1 cxd4 29. Qe7 Qf7 30. Qd6 {Indescifrable. 1-0 en la jugada 51} 1-0

[Event "XI Open Amateur de Calvia"]
[Site "Calvia - Mallorca"]
[Date "2014.10.11"]
[Round "8"]
[Board "12"]
[White "Galiana Salom, Juan Ramon"]
[Black "Vallbona Domingo, Joan"]
[Result "1-0"]
[WhiteElo "2263"]
[BlackElo "2005"]
[PlyCount "83"]
[EventDate "2014.10.04"]
[EventRounds "9"]
[EventCountry "ESP"]

1. e4 c5 2. Nf3 e6 3. d4 cxd4 4. Nxd4 a6 5. Nc3 b5 6. Bd3 Qb6 7. Nb3 Qc7 8. f4
Bb7 9. Qe2 d6 10. Bd2 Nc6 11. O-O Nf6 12. Rae1 b4 13. Na4 e5 14. c4 Be7 15.
fxe5 Nxe5 16. Nd4 Rc8 17. b3 a5 18. Nf5 O-O 19. Bg5 Bd8 20. Bb1 Bc6 21. Nb2
Nfg4 22. Bc1 Re8 23. h3 Nf6 24. Qd2 Be7 25. Qf2 Ng6 26. Qf3 Bd7 27. Ne3 Be6 28.
Nd3 Ne5 29. Nxe5 dxe5 30. Nd5 Bxd5 31. exd5 e4 32. Bxe4 Bd6 33. Bd3 Bh2+ 34.
Kh1 Bg3 35. Rxe8+ Rxe8 36. Bg5 Qe5 37. Bxf6 gxf6 38. c5 Qg5 39. d6 Re3 40. d7
Bc7 41. Qa8+ Kg7 42. d8=Q 1-0

[Event "XI Open Amateur de Calvia"]
[Site "Calvia - Mallorca"]
[Date "2014.10.11"]
[Round "8"]
[Board "13"]
[White "Guski, Dietmar"]
[Black "Ruprich, Udo"]
[Result "1/2-1/2"]
[WhiteElo "2089"]
[BlackElo "1960"]
[PlyCount "50"]
[EventDate "2014.10.04"]
[EventRounds "9"]
[EventCountry "ESP"]

1. e4 e6 2. d4 d5 3. Nc3 dxe4 4. Nxe4 Nd7 5. g3 Ngf6 6. Nxf6+ Nxf6 7. Bg2 Bd6
8. Ne2 O-O 9. O-O Re8 10. c4 c6 11. Nc3 Bd7 12. Re1 Rc8 13. Bg5 h6 14. Bxf6
Qxf6 15. Ne4 Qe7 16. Nxd6 Qxd6 17. Qb3 Rc7 18. Rad1 Bc8 19. d5 cxd5 20. cxd5 e5
21. Rc1 Rce7 22. Qa4 a6 23. Qc4 Bf5 24. b4 Bg6 25. Qc5 Rd8 1/2-1/2

[Event "XI Open Amateur de Calvia"]
[Site "Calvia - Mallorca"]
[Date "2014.10.11"]
[Round "8"]
[Board "14"]
[White "Cerdo Fernandez, Miguel"]
[Black "Pena Torres, Jose Carlos"]
[Result "1-0"]
[WhiteElo "1911"]
[BlackElo "2043"]
[PlyCount "89"]
[EventDate "2014.10.04"]
[EventRounds "9"]
[EventCountry "ESP"]

1. e4 c5 2. Nf3 Nc6 3. d4 cxd4 4. Nxd4 e5 5. Nb5 d6 6. N5c3 a6 7. Na3 Be7 8.
Nc4 Be6 9. Be3 b5 10. Nb6 Rb8 11. Nbd5 Nf6 12. Nxf6+ Bxf6 13. Nd5 Bxd5 14. Qxd5
Qc7 15. c3 O-O 16. Be2 Rfc8 17. O-O Ne7 18. Qb3 d5 19. f4 exf4 20. Bxf4 Be5 21.
Bxe5 Qxe5 22. Bd3 Rf8 23. Rae1 d4 24. cxd4 Qxd4+ 25. Kh1 Rbd8 26. Bc2 Qe5 27.
Qf3 f6 28. Qe3 Rd6 29. Rd1 Nc8 30. Rf5 Rxd1+ 31. Bxd1 Qd6 32. Qb3+ Kh8 33. Rd5
Qe7 34. Qd3 Nb6 35. Rd6 Nc4 36. Rd7 Qb4 37. Qg3 Rg8 38. Bb3 Qc5 39. h3 Qc6 40.
Re7 Qc5 41. Rc7 Qd4 42. a4 Qxb2 43. axb5 axb5 44. Rb7 Nd2 45. Qxg7+ 1-0

[Event "XI Open Amateur de Calvia"]
[Site "Calvia - Mallorca"]
[Date "2014.10.11"]
[Round "8"]
[Board "15"]
[White "Navarrete Terrasa, Sebastian"]
[Black "Alfven, Jorgen"]
[Result "0-1"]
[WhiteElo "2019"]
[BlackElo "1929"]
[PlyCount "68"]
[EventDate "2014.10.04"]
[EventRounds "9"]
[EventCountry "ESP"]

1. d4 Nf6 2. c4 e6 3. Nc3 c5 4. d5 exd5 5. cxd5 d6 6. e4 g6 7. f4 Bg7 8. Bb5+
Nfd7 9. a4 O-O 10. Nf3 Nf6 11. O-O a6 12. Bd3 Re8 13. Kh1 Bg4 14. h3 Bxf3 15.
Qxf3 Nbd7 16. Be3 Qc7 17. Rad1 c4 18. Bc2 Qa5 19. Bd4 b5 20. Rde1 b4 21. e5
bxc3 22. exf6 Rxe1 23. Rxe1 Bxf6 24. Qxc3 Qxc3 25. Bxc3 Bxc3 26. bxc3 Nf6 27.
Bd1 Rb8 28. Bf3 Rb3 29. Re7 Rxc3 30. Ra7 Ra3 31. Rxa6 c3 32. Rc6 Nd7 33. Rc4
Nb6 34. Rb4 c2 0-1

[Event "XI Open Amateur de Calvia"]
[Site "Calvia - Mallorca"]
[Date "2014.10.11"]
[Round "8"]
[Board "19"]
[White "Mansour, Abbas"]
[Black "Juan Mas, Santiago"]
[Result "1-0"]
[WhiteElo "1891"]
[BlackElo "2007"]
[PlyCount "29"]
[EventDate "2014.10.04"]
[EventRounds "9"]
[EventCountry "ESP"]

1. e4 d6 2. d4 Nf6 3. Nc3 g6 4. Bg5 Bg7 5. Qd2 O-O 6. O-O-O c6 7. f3 b5 8. h4
h5 9. Nce2 Qc7 10. g4 Nbd7 11. Ng3 hxg4 12. h5 gxh5 13. Bh6 Bh8 14. Qg5+ Kh7
15. Bxf8 1-0

[Event "XI Open Amateur de Calvia"]
[Site "Calvia - Mallorca"]
[Date "2014.10.11"]
[Round "8"]
[Board "20"]
[White "Al Khouri, Ismaeil E"]
[Black "Oliver Font, Jose Luis"]
[Result "1-0"]
[WhiteElo "2094"]
[BlackElo "1857"]
[PlyCount "65"]
[EventDate "2014.10.04"]
[EventRounds "9"]
[EventCountry "ESP"]

1. d4 Nf6 2. e3 c6 3. Bd3 d5 4. Nd2 e6 5. f4 Bd6 6. Ngf3 Nbd7 7. O-O O-O 8. Ne5
Qc7 9. g4 g6 10. c3 c5 11. Ndf3 cxd4 12. cxd4 Ne4 13. Bxe4 dxe4 14. Nd2 f5 15.
Nxd7 Bxd7 16. g5 Bc6 17. b3 Bb5 18. Re1 Qc3 19. Rb1 Bd3 20. Bb2 Qa5 21. Nc4 Qa6
22. Nxd6 Qxd6 23. Rc1 Rfc8 24. Qd2 b6 25. Rc3 Qf8 26. Rec1 Rxc3 27. Qxc3 Qg7
28. Qc6 Qf8 29. Qxe6+ Qf7 30. Qd6 Qf8 31. Qd5+ Kh8 32. Rc7 Rd8 33. Qe6 1-0

[Event "XI Open Amateur de Calvia"]
[Site "Calvia - Mallorca"]
[Date "2014.10.11"]
[Round "8"]
[Board "31"]
[White "Nicholson, John"]
[Black "Mackay, Ian W"]
[Result "1-0"]
[WhiteElo "1781"]
[BlackElo "1695"]
[PlyCount "69"]
[EventDate "2014.10.04"]
[EventRounds "9"]
[EventCountry "ESP"]

1. e4 c6 2. d4 d5 3. e5 c5 4. c3 cxd4 5. cxd4 Nc6 6. Nc3 e6 7. Nf3 Nge7 8. Bd3
Ng6 9. O-O Be7 10. Be3 Bd7 11. Re1 a6 12. Rc1 Rc8 13. g3 O-O 14. h4 Nxh4 15.
gxh4 Bxh4 16. Kg2 f5 17. Nxh4 Qxh4 18. Rh1 Qe7 19. Qh5 g6 20. Qh6 Rf7 21. Bg5
Qf8 22. Qh4 Rc7 23. Ne2 Be8 24. Nf4 Bd7 25. Bf6 Bc8 26. Nxg6 Qe8 27. Nf4 Qd7
28. Rcg1 Kf8 29. Qh6+ Ke8 30. Kf1 Ne7 31. Bxe7 Qxe7 32. Rg8+ Kd7 33. Ke2 Kc6
34. Rc1+ Kb6 35. Nxd5+ 1-0

[Event "XI Open Amateur de Calvia"]
[Site "Calvia - Mallorca"]
[Date "2014.10.11"]
[Round "8"]
[Board "38"]
[White "Porcel Jimenez, Ramon"]
[Black "Moreno Mateos, Jose Luis"]
[Result "0-1"]
[WhiteElo "1414"]
[BlackElo "1921"]
[PlyCount "58"]
[EventDate "2014.10.04"]
[EventRounds "9"]
[EventCountry "ESP"]

1. d4 d5 2. c4 c6 3. Nc3 Nf6 4. Nf3 dxc4 5. e4 b5 6. Be2 e6 7. Bg5 Be7 8. O-O
Nbd7 9. Qc2 Bb7 10. a4 a6 11. axb5 cxb5 12. b3 cxb3 13. Qxb3 Nxe4 14. Bxe7 Qxe7
15. Nxe4 Bxe4 16. Qe3 Bd5 17. Rfc1 O-O 18. Rc7 Qd6 19. Rac1 Nb6 20. Qe5 Qxe5
21. Nxe5 Rfc8 22. Bf3 Nc4 23. Rxc8+ Rxc8 24. Ra1 Nxe5 25. Bxd5 exd5 26. dxe5
Kf8 27. g3 Rc6 28. Kg2 b4 29. Ra5 b3 0-1

[Event "XI Open Amateur de Calvia"]
[Site "Calvia - Mallorca"]
[Date "2014.10.11"]
[Round "8"]
[Board "41"]
[White "Veras Sanz, Jose Antonio"]
[Black "Hardwick, A William"]
[Result "1/2-1/2"]
[WhiteElo "1667"]
[BlackElo "1451"]
[PlyCount "61"]
[EventDate "2014.10.04"]
[EventRounds "9"]
[EventCountry "ESP"]

1. e4 c6 2. d4 d5 3. exd5 cxd5 4. c4 Nf6 5. Nc3 e6 6. Nf3 Bb4 7. Bg5 O-O 8. a3
Bxc3+ 9. bxc3 Nbd7 10. Bd2 Ne4 11. Bd3 Nxd2 12. Qxd2 Nf6 13. O-O Re8 14. Rfe1
Qc7 15. cxd5 Nxd5 16. Qc2 Nf6 17. Rac1 b6 18. h3 Bb7 19. Ne5 Re7 20. Re3 g6 21.
Be2 Rd8 22. Rg3 Ne4 23. Re3 f5 24. Bf3 Qd6 25. Bxe4 fxe4 26. Qa4 b5 27. Qb4
Qxb4 28. axb4 Rf8 29. f3 exf3 30. Nxf3 Bd5 31. Ne5 1/2-1/2

[Event "XI Open Amateur de Calvia"]
[Site "Calvia - Mallorca"]
[Date "2014.10.11"]
[Round "8"]
[Board "43"]
[White "Ferrer Agus, Rodrigo"]
[Black "Steinschuld, Jo"]
[Result "0-1"]
[WhiteElo "1331"]
[BlackElo "1609"]
[PlyCount "44"]
[EventDate "2014.10.04"]
[EventRounds "9"]
[EventCountry "ESP"]

1. e4 e5 2. Nf3 Nc6 3. Bb5 a6 4. Ba4 Nf6 5. Nc3 b5 6. Bb3 Bc5 7. O-O O-O 8. d3
h6 9. Nd5 d6 10. h3 Bb7 11. c3 Na5 12. d4 Ba7 13. dxe5 Nxe4 14. Re1 Nxb3 15.
Qxb3 Nc5 16. Qd1 dxe5 17. Rxe5 Ne6 18. Nh4 Qxh4 19. Kh2 Bxf2 20. Rh5 Qg3+ 21.
Kh1 Bxd5 22. Qxd5 Rad8 0-1